Odd But True Facts XXII Quiz Stats

 Plays Quiz Updated Jul 5, 2019

Score 0/25 Timer 06:00
3 Plays Today
% Correct
also assassinated
90.1%
your left-hand side
89.7%
urinate backwards
87.4%
beaver skin hats
86.9%
the solar panels from the White house
86.5%
10% larger balls
86.5%
a tuning fork
85.8%
a peanut to the moon
85.8%
power stations
85.5%
their toes
85.4%
bribes a police officer
84.8%
one book at a time
83.7%
return the enemy general's pet dog
83.3%
% Correct
Megan Fox in a bikini
83.3%
down his own plane
80.8%
a large collection of typewriters
80.3%
six continents
77.7%
Mulan
76.7%
eaten in the event of an emergency
73%
into Prince's house
72.8%
the Loch Ness Monster
72.3%
Ninjas
71.7%
British
68.2%
plays in the NFL
68.2%
a spy
67.1%

You're not logged in!

Compare scores with friends on all Sporcle quizzes.
OR
Log In

Sporcle TV

Today on Sporcle TV


Watch our educational content, quiz creation guides, and fun videos on Sporcle TV.

Show Comments

Extras

Top Quizzes Today


Score Distribution

Your Account Isn't Verified!

In order to create a playlist on Sporcle, you need to verify the email address you used during registration. Go to your Sporcle Settings to finish the process.

Report this User

Report this user for behavior that violates our Community Guidelines.

Details: